| 000 | 01088nam a2200277 i 4500 | ||
|---|---|---|---|
| 001 | bg | ||
| 111 | 2 |
_aKonferencja Systemy Czasu Rzeczywistego _n(8 ; _d2001 ; _cKrynica). |
|
| 245 | 0 | 5 |
_aVIII konferencja Systemy Czasu Rzeczywistego : _bKrynica, 24-27 września 2001 : materiały konferencyjne / _cred. Tomasz Szmuc i Radosław Klimek. |
| 246 | 1 | 4 | _aSystemy Czasu Rzeczywistego '01 |
| 260 |
_aKraków : _bKatedra Automatyki Akademii Górniczo-Hutniczej, _c2001. |
||
| 300 |
_a440 s. : _bil. ; _c24 cm. |
||
| 500 | _aTyt. okł. i grzbiet.: Systemy Czasu Rzeczywistego '01. - Tekst także ang. - Streszcz. ang. | ||
| 504 | _aBibliogr. przy ref. - Indeksy. | ||
| 650 | 9 | _aPrzetwarzanie danych w czasie rzeczywistym | |
| 650 | 9 |
_aSystemy informatyczne _xstosowanie _xprzemysł |
|
| 655 | _aMateriały konferencyjne | ||
| 700 | 1 |
_aSzmuc, Tomasz. _eRed. |
|
| 700 | 1 |
_aKlimeK, Radosław. _eRed. |
|
| 020 | _a8391425762 | ||
| 040 | _cBPK | ||
| 041 | 0 |
_apoleng _beng |
|
| 080 | _a004.031.43(061) | ||
| 920 | _a83-914257-6-2 | ||
| 942 | _cKS | ||
| 008 | s pl f |000 0 pol | ||
| 999 |
_c42852 _d42852 |
||